Acronymes du rap FR - Statistiques

Statistiques générales
  • Ce quiz a été pris 127 fois
  • Le résultat moyen est 4 sur 15
Statistiques - réponses
Artistes Acronyme Réponse % Correct
PNL QLF Que La Famille
86%
Jul JCVD Jean-Claude Van Damme
78%
Jul D&P D'or et de Platine
64%
Ninho M.I.L.S Maintenant ils le savent
33%
Naza MMM Mouiller le Maillot et Mailler
33%
Niska W.L.G Wesh le gang
32%
Niska B.O.C Bâtards ont couru
24%
Landy TPLF Tout pour la famille
20%
Niska D.M.B Dans mon bendo
8%
Werenoi FaF Face à Face
5%
Koba la D ft. Jul TCPLT Te casse pas la tête
4%
Tiakola BDLM Bienvenu dans le milieu
3%
Landy ft. Marwa Loud DLV Dans la ville
3%
Niska C.V.T.Q.L.F Comment veux-tu que l'on fasse
1%
Ninho VVS Very Very Slightly Included
1%
Aucun quiz correspondant
Distribution des résultats
% des personnes avec chaque résultat
Percentile par nombre de réponses
Votre historique - résultats
Vous n’avez pas pris ce quiz